Popularne zagraniczne piosenki w Polsce. 26.02-04.03 Spotify - Statystyki

Ogólne statystyki
  • Ten quiz został rozwiązany 7 razy
  • Średni wynik to 7 z 30
Statystyki odpowiedzi
Wykonawca Odsłuchania Utwór % Poprawnych
The Weeknd 370K Blinding Lights
71%
The Weeknd 510K Save Your Tears
71%
Harry Styles 204K Watermelon Sugar
71%
Olivia Rodrigo 547K drivers license
57%
The Neighbourhood 268K Sweater Weather
57%
The Neighbourhood 192K Daddy Issues
43%
24kGoldn, iann dior 316K Mood
43%
Tate McRae 226K you broke me first
43%
Duncan Laurence 200K Arcade
29%
Riton, Nightcrawlers, Mufasa, Hypeman 269K Friday
29%
Dua Lipa, DaBaby 272K Levitating
29%
MEDUZA, Dermot Kennedy 302K Paradise
29%
Ariana Grande 208K positions
29%
Miley Cyrus, Dua Lipa 265K Prisoner
29%
ElyOtto 231K SugarCrash!
29%
Doja Cat 332K Streets
14%
Tiesto 418K The Business
14%
Billie Eilish 213K Therefore I Am
14%
Robin Schulz, KIDDO 244K All We Got
0%
Masked Wolf 218K Astronaut In The Ocean
0%
Alok, Ilkay Sencan, Tove Lo 238K Don't Say Goodbye
0%
Joel Corry, MNEK 226K Head & Heart
0%
Ofenbach, Quarterhead, Norma Jean Martine 204K Head Shoulders Knees & Toes
0%
Nelly Furtado 183K Maneater
0%
Ava Max 226K My Head & My Heart
0%
SAINt JHN, Imanbek 201K Roses
0%
Ofenbach, Lagique 184K Wasted Love
0%
Dua Lipa 214K We're Good
0%
The Kid LAROI 191K WITHOUT YOU
0%
ATB, Topic, A7S 199K Your Love (9PM)
0%
Nie znaleziono quizów pasujących do podanych kryteriów
Rozkład punktacji
Procent ludzi z każdym wynikiem
Percentyl według liczby udzielonych odpowiedzi
Twoja historia wyników
Nie rozwiązałeś tego quizu